00758 a2200181 4500001000700000020001800007040003200025100002100057245003500078300004700113362000900160490002700169520030400196650002600500650001900526650002000545650001100565122953 a9781407124896 cEscola Canadense de Niteroi aRowden, Siobhan 10aThe curse of the Bogle's beard a281 p.c4 x 0.79 x 7.28 inches (paperback)0 a20120 aCurse of Bogle's Beard aBarnaby's dad has mysteriously disappeared and now Barnaby is forced to live with Granny Hogsflesh, proud ruler of a vast pickling empire. Everything in Granny's mansion is a hideous shade of puple and stinks of vinegar - including Granny herself. What's more, she's clearly hiding some dark secrets 4aChildren's Literature 4aFamily Secrets 4aHumor (English) 4aCurses